Quiz LDC 2025/26 - Statistiques

Statistiques générales
  • Ce quiz a été pris 57 fois
  • Le résultat moyen est 10 sur 15
Statistiques - réponses
Question Réponse % Correct
Qui a remporté la ligue des champions 2025/26 ? Paris Saint-Germain
100%
Dans quelle ville s'est déroulé la finale ? Budapest
94%
Quel joueur pris un rouge lors du choc Bayern-Real Madrid à l'Allianz Arena ? Camavinga
89%
Laquelle de ces 4 équipes participa à sa première ligue des champions cette année ? Bodo/Glimt
81%
Qui fut les deux légendes ramenant la ligue des champions sur le terrain avant le début de la finale ? Kimpembe/Henry
74%
Quel joueur fut au centre de la plus grande polémique de la saison de LDC 2025/26 ? Prestianni
74%
Quelle équipe parmis ces 4 est allée le plus loin cette année ? Sporting Lisbonne
74%
Qui est le MVP de la finale ? Vitinha
70%
Qui est le meilleur buteur de cette édition ? Kylian Mbappé
64%
Qui fut l'arbitre de la finale ? D.Siebert
60%
Quelle équipe fut contrainte de faire le plus long déplacement de l'histoire de la ligue des champions ? Kairat Almaty
43%
Qui marqua l'unique but d'Arsenal lors de la manche aller des quarts de finale ? Havertz
42%
Laquelle de ces 4 équipes ne fut pas dans le top 8 de la phase de ligue ? Borussia Dortmund
36%
Contre quelle équipe Kylian Mbappé fut auteur du seul quadruplé de la compétition ? Olympiakos
30%
A quelle date la ligue des champions a-t-elle débutée ? 16 Septembre
23%
Aucun quiz correspondant
Distribution des résultats
% des personnes avec chaque résultat
Percentile par nombre de réponses
Votre historique - résultats
Vous n’avez pas pris ce quiz